Didaktika v teórii a praxi (vedecká monografia)

Bibliographic Details
Main Author: Hrehová, Daniela, 1963- (Author)
Format: Book
Language:Slovak
PhysicalDescription:100 s. ilustr., sch., tab. 25 cm
Published: V Košiciach Technická univerzita 2016
ISBN:9788055330228
Edition:1. vyd.
Subjects:

MARC

LEADER 00000cam a2200000 a 4500
001 vtls011633491
003 SK-MaSNL
005 20260301181801.0
008 240318s2016 xo a f n 000 0 slo
015 |a SNBA2017/06 
020 |a 9788055330228  |q (brož.) 
035 |a urn:nbn:sk:snk-am00cy1q 
035 |a urn:nbn:sk:snk-am3hf1q 
035 |a 475F4EC7-B83E-4288-9686-3D29B89E5F0B 
040 |a SNK  |b slo  |c SNK  |e AACR2 
041 0 |a slo  |b eng 
044 |a xo  |c SK 
072 7 |a 37  |x Výchova a vzdelávanie  |2 konspekt 
080 |a 37.02  |2 2011 
080 |a (048.8)  |2 2011 
100 1 |a Hrehová, Daniela,  |d 1963-  |4 aut  |9 201114 
245 1 0 |a Didaktika v teórii a praxi  |b (vedecká monografia)  |c autor: Daniela Hrehová 
250 |a 1. vyd. 
260 |a V Košiciach  |b Technická univerzita  |c 2016 
300 |a 100 s.  |b ilustr., sch., tab.  |c 25 cm 
504 |a Bibliogr.: s. 91-100 ; pozn. 
546 |a Res. angl. 
650 0 7 |a didaktika  |2 SNKPH  |9 3484 
650 0 7 |a Didactics  |2 SNKPHeng  |9 266044 
655 7 |a monografie  |2 SNKPH  |9 70139 
655 7 |a Monographs  |2 SNKPHeng  |9 120675 
752 7 |a Slovensko  |d Košice 
919 |a 978-80-553-3022-8 
958 |a NB 
999 |c 851239  |d 853169 
952 |a SNK  |b SNK  |y PREZ  |7 0  |p 17A1259727  |o snkSC 174837  |i snk2017/12571  |8 0  |0 0  |1 0  |4 0  |d 2017-05-30  |f 1  |l 0  |r 2025-09-16 00:00:00  |w 2026-02-24 
952 |a SNK  |b SNK  |y VYP  |7 0  |p 17A1259728  |o snkSC 174837 D1  |i snk2017/12572  |8 0  |0 0  |1 0  |4 0  |d 2017-05-30  |l 0  |r 2026-02-24 04:41:43  |w 2026-02-24